A textbook of evolution / (Record no. 75213)
[ view plain ]
| 000 -LEADER | |
|---|---|
| fixed length control field | 00729nam a2200265 a 4500 |
| 001 - CONTROL NUMBER | |
| control field | 75213 |
| 003 - CONTROL NUMBER IDENTIFIER | |
| rucl marc code | BD-RjUL |
| 005 - DATE AND TIME OF LATEST TRANSACTION | |
| control field | 20211209082648.0 |
| 008 - FIXED-LENGTH DATA ELEMENTS--GENERAL INFORMATION | |
| fixed length control field | 190102s1952 paua 000 0 eng |
| 035 ## - SYSTEM CONTROL NUMBER | |
| System control number | (BD-RjUL)75431 |
| System control number | (OCoLC)420971 |
| 040 ## - CATALOGING SOURCE | |
| Original cataloging agency | DLC |
| Transcribing agency | OUrC |
| Modifying agency | OCoLC |
| -- | Uk |
| -- | DLC |
| -- | BD-RjUL |
| Language of cataloging | eng |
| 041 ## - LANGUAGE CODE | |
| Language code of text/sound track or separate title | eng |
| 042 ## - AUTHENTICATION CODE | |
| Authentication code | premarc |
| 082 ## - DEWEY DECIMAL CLASSIFICATION NUMBER | |
| Edition number | 23 |
| Classification number | 576.8 |
| Author mark and year | DOT 1952 |
| 100 1# - MAIN ENTRY--PERSONAL NAME | |
| Personal name | Dodson, Edward O. |
| Fuller form of name | (Edward Ottway), |
| Dates associated with a name | 1916- |
| 9 (RLIN) | 227594 |
| 245 12 - TITLE STATEMENT | |
| Title | A textbook of evolution / |
| Statement of responsibility, etc. | Edward O. Dodson. |
| 260 ## - PUBLICATION, DISTRIBUTION, ETC. (IMPRINT) | |
| Place of publication, distribution, etc. | Philadelphia: |
| Name of publisher, distributor, etc. | Saunders, |
| Date of publication, distribution, etc. | 1952. |
| 300 ## - PHYSICAL DESCRIPTION | |
| Pagination | 419 p. |
| Illustrations | illus. |
| Size | 24 cm. |
| 650 #0 - SUBJECT ADDED ENTRY--TOPICAL TERM | |
| Topical term or geographic name as entry element | Evolution. |
| 9 (RLIN) | 227595 |
| 942 ## - ADDED ENTRY ELEMENTS (KOHA) | |
| Source of classification or shelving scheme | Dewey Decimal Classification |
| Koha item type | Books |
| Lost status | Source of classification or shelving scheme | Damaged status | Not for loan | Collection code | Permanent Location | Current Location | Shelving location | Date acquired | Source of acquisition | Cost, normal purchase price | Total Checkouts | Full call number | Date last seen | Copy number | Koha item type |
|---|---|---|---|---|---|---|---|---|---|---|---|---|---|---|---|
| Dewey Decimal Classification | Not For Loan | Non-fiction | Central Library, University of Rajshahi | Central Library, University of Rajshahi | Reading Room | 12/08/1968 | Md. Altaf Hossain, R.U. | 25.00 | 576.8 DOT 1952 | 02/02/2019 | C-1 | Books |